Bières françaises - Mort subite - Statistiques

Statistiques générales
  • Ce quiz a été pris 2 044 fois
  • Le résultat moyen est 2 sur 17
Answers on the Grid
Answers color-coded by a green-red scale on the quiz's grid according to % correct below.
1664
3 Monts
Adelscott
Affligem
Anosteké
Cap D'Ona
Carlsberg
Chouffe
Choulette
Colomba
Cuvée des Trolls
Duvel
Fischer
Guiness
Heineken
Hermine
Jenlain
Jupiler
Kronenbourg
La Duchesse
La Goudale
Leffe
Moretti
Mort Subite
Paix Dieu
Pelforth
Peroni
Pietra
Raoul
Serena
 
Statistiques - réponses
Réponse % Correct
1664
80%
3 Monts
47%
La Goudale
17%
Kronenbourg
14%
Anosteké
10%
La Duchesse
10%
Pietra
9%
Fischer
8%
Jenlain
7%
Cap D'Ona
6%
Choulette
6%
Raoul
6%
Adelscott
5%
Hermine
5%
Pelforth
5%
Colomba
2%
Serena
2%
Aucun quiz correspondant
Distribution des résultats
% des personnes avec chaque résultat
Percentile par nombre de réponses
Votre historique - résultats
Vous n’avez pas pris ce quiz